[Event "San Sebastian op 34th"]
[Site "San Sebastian"]
[Date "2011.04.22"]
[Round "8"]
[White "Richet, Clement"]
[Black "Trepat Herranz, Joan"]
[Result "0-1"]
[WhiteElo "1901"]
[BlackElo "2343"]
[PlyCount "66"]
[EventDate "2011.04.16"]
[EventType "swiss"]
[EventRounds "9"]
[EventCountry "ESP"]
[SourceTitle "CBM 141 Extra"]
[Source "ChessBase"]
[SourceDate "2011.05.03"]
[SourceVersion "1"]
[SourceVersionDate "2011.05.03"]
[SourceQuality "1"]

1. d4 f5 2. g3 Nf6 3. Bg2 g6 4. Nf3 Bg7 5. 0-0 0-0 6. c4 d6 7. Nc3 Qe8 8. e4 fxe4 9. Ng5 Nc6 10. Be3 e5 11. d5 Ne7 12. Ngxe4 Nxe4 13. Nxe4 Nf5 14. c5 Nxe3 15. fxe3 Qe7 16. cxd6 cxd6 17. Rc1 Bf5 18. Rc3 h5 19. Qd2 Rf7 20. Rfc1 Bxe4 21. Bxe4 Qg5 22. Qd3 Kh7 23. Rc7 Raf8 24. Rxf7 Rxf7 25. Rf1 Rc7 26. Kg2 h4 27. Rf3 a6 28. a4 Bf6 29. Qf1 Kg7 30. Kh1 Qg4 31. Bb1 Rc1 32. Qxc1 Qxf3+ 33. Kg1 Bg5 0-1

[Event "San Sebastian op 34th"]
[Site "San Sebastian"]
[Date "2011.04.18"]
[Round "3"]
[White "Richet, Clement"]
[Black "Zysko, Jan"]
[Result "0-1"]
[WhiteElo "1901"]
[BlackElo "2168"]
[PlyCount "54"]
[EventDate "2011.04.16"]
[EventType "swiss"]
[EventRounds "9"]
[EventCountry "ESP"]
[SourceTitle "CBM 141 Extra"]
[Source "ChessBase"]
[SourceDate "2011.05.03"]
[SourceVersion "1"]
[SourceVersionDate "2011.05.03"]
[SourceQuality "1"]

1. d4 d5 2. c4 e6 3. Nf3 c6 4. e3 Nf6 5. Nc3 Nbd7 6. Bd3 dxc4 7. Bxc4 b5 8. Bd3 Bb7 9. 0-0 a6 10. e4 b4 11. e5 bxc3 12. exf6 cxb2 13. fxg7 bxa1Q 14. gxh8Q Qxa2 15. Bg5 Qc7 16. Qxh7 c5 17. Ne5 Nxe5 18. dxe5 Qd5 19. f3 Qcxe5 20. Bh4 Qg7 21. Qxg7 Bxg7 22. Qb1 Qd4+ 23. Kh1 Bd5 24. Be4 Kf8 25. Qb6 Kg8 26. Bf2 Qc4 27. Rd1 Qe2 0-1

[Event "Elancourt op"]
[Site "Elancourt"]
[Date "2010.04.30"]
[Round "7"]
[White "Jean, Robert"]
[Black "Richet, Clement"]
[Result "0-1"]
[WhiteElo "1815"]
[BlackElo "1990"]
[PlyCount "122"]
[EventDate "2010.04.25"]
[EventType "swiss"]
[EventRounds "9"]
[EventCountry "FRA"]
[SourceTitle "CBM 136 Extra"]
[Source "ChessBase"]
[SourceDate "2010.07.02"]
[SourceVersion "2"]
[SourceVersionDate "2010.07.15"]
[SourceQuality "1"]

1. c4 e6 2. g3 d5 3. Bg2 Nf6 4. Nf3 c6 5. b3 Bd6 6. Bb2 Nbd7 7. cxd5 exd5 8. 0-0 0-0 9. d3 Qc7 10. Nbd2 Re8 11. Rc1 Ne5 12. Nxe5 Bxe5 13. d4 Bd6 14. Re1 Bf5 15. a3 a5 16. Nb1 Qe7 17. e3 Bxb1 18. Rxb1 Bxa3 19. Bxa3 Qxa3 20. Ra1 Qe7 21. Qd3 Qc7 22. Qc2 Ne4 23. f3 Nf6 24. Kf2 Qb6 25. Rec1 Ra7 26. Bf1 Rea8 27. Ra4 Nd7 28. Bd3 g6 29. Qc3 Qc7 30. Ra2 Rc8 31. Qd2 b6 32. Rac2 Qd6 33. Bb5 Rac7 34. Ba6 Ra8 35. Bb5 Nb8 36. Be2 Na6 37. Bxa6 Rxa6 38. Qd3 Ra8 39. e4 Rac8 40. e5 Qd7 41. Qa6 Rb7 42. f4 h5 43. h4 Rbb8 44. Rc3 Rc7 45. Qe2 c5 46. Qc2 Rbc8 47. dxc5 Rxc5 48. Qd3 Rxc3 49. Rxc3 Rxc3 50. Qxc3 d4 51. Qd3 Qd5 52. Ke1 Qc5 53. Kd2 b5 54. e6 Qc3+ 55. Qxc3 dxc3+ 56. Kxc3 fxe6 57. Kd4 Kf7 58. Kc5 a4 59. bxa4 bxa4 60. Kb4 Kf6 61. Kxa4 Kf5 0-1

[Event "Elancourt op"]
[Site "Elancourt"]
[Date "2010.04.25"]
[Round "1"]
[White "Guliyev, Namig"]
[Black "Richet, Clement"]
[Result "1-0"]
[WhiteElo "2516"]
[BlackElo "1990"]
[PlyCount "57"]
[EventDate "2010.04.25"]
[EventType "swiss"]
[EventRounds "9"]
[EventCountry "FRA"]
[SourceTitle "CBM 136 Extra"]
[Source "ChessBase"]
[SourceDate "2010.07.02"]
[SourceVersion "2"]
[SourceVersionDate "2010.07.15"]
[SourceQuality "1"]

1. e4 c5 2. Nf3 Nc6 3. d4 cxd4 4. Nxd4 g6 5. Nc3 Bg7 6. Be3 Nf6 7. Nxc6 bxc6 8. e5 Nd5 9. Nxd5 cxd5 10. Qxd5 Rb8 11. 0-0-0 Qc7 12. f4 0-0 13. Qc5 Qxc5 14. Bxc5 d6 15. Bd4 Bh6 16. g3 Bb7 17. Rg1 Rfd8 18. Bg2 Bxg2 19. Rxg2 dxe5 20. Bxe5 Rxd1+ 21. Kxd1 Rd8+ 22. Rd2 Rxd2+ 23. Kxd2 f6 24. Bb8 e5 25. Bxa7 exf4 26. Kd3 Kf7 27. a4 Ke6 28. a5 Kd6 29. Bb8+ 1-0

[Event "Montigny le Bretonneux Noel op 07th"]
[Site "Montigny le Bretonneux"]
[Date "2004.12.27"]
[Round "3"]
[White "Bouvier, Clement"]
[Black "Richet, Clement"]
[Result "0-1"]
[WhiteElo "1370"]
[BlackElo "1900"]
[PlyCount "54"]
[EventDate "2004.12.??"]
[EventType "swiss"]
[EventRounds "7"]
[EventCountry "FRA"]
[SourceTitle "EXT 2006"]
[Source "ChessBase"]
[SourceDate "2005.11.24"]
[SourceVersion "1"]
[SourceVersionDate "2005.11.24"]
[SourceQuality "1"]

1. e4 c5 2. Nf3 Nc6 3. d4 cxd4 4. Nxd4 g6 5. Nc3 Bg7 6. Be3 Nf6 7. Bc4 0-0 8. Qd2 Ng4 9. 0-0-0 Nxe3 10. Qxe3 Nxd4 11. h4 h5 12. f3 Qc7 13. Bb3 Ne6 14. g4 Bxc3 15. bxc3 Qf4 16. Qxf4 Nxf4 17. gxh5 Nxh5 18. Rhg1 Nf4 19. Rg4 e5 20. Rh1 d5 21. Rg5 f6 22. Rxg6+ Nxg6 23. Rg1 Kh7 24. Bxd5 Nf4 25. Bc4 Be6 26. Kd2 Bxc4 27. a4 Rg8 0-1

[Event "Montigny le Bretonneux Noel op 06th"]
[Site "Montigny le Bretonneux"]
[Date "2003.12.27"]
[Round "2"]
[White "Richet, Clement"]
[Black "Goujon, Antoine"]
[Result "1/2-1/2"]
[WhiteElo "1510"]
[BlackElo "1900"]
[PlyCount "135"]
[EventDate "2003.12.26"]
[EventType "swiss"]
[EventRounds "6"]
[EventCountry "FRA"]
[SourceTitle "CBM 097 Extra"]
[Source "ChessBase"]
[SourceDate "2004.01.13"]
[SourceVersion "1"]
[SourceVersionDate "2004.01.13"]
[SourceQuality "1"]

1. d4 Nf6 2. c4 g6 3. Nc3 Bg7 4. e4 d6 5. f4 0-0 6. Nf3 c5 7. d5 e6 8. Be2 exd5 9. cxd5 Re8 10. e5 dxe5 11. fxe5 Ng4 12. 0-0 Nxe5 13. Nxe5 Rxe5 14. Bc4 Qh4 15. Bf4 Bg4 16. Qb3 Nd7 17. d6 Rh5 18. Bg3 Bd4+ 19. Rf2 Bxf2+ 20. Kxf2 Qf6+ 21. Kg1 Be6 22. Bxe6 Qxe6 23. Re1 Qxb3 24. axb3 a6 25. Re7 Rd8 26. Bf4 Kg7 27. h3 Rf5 28. Bh2 h5 29. Ne4 h4 30. Nc3 b5 31. g4 hxg3 32. Bxg3 c4 33. bxc4 bxc4 34. h4 Nc5 35. Rc7 Kh6 36. Ne2 Kh5 37. Nd4 Rd5 38. Nc6 R8xd6 39. Bxd6 Rxd6 40. Nb4 Rd1+ 41. Kg2 Nd3 42. Nxd3 cxd3 43. Rxf7 Rd2+ 44. Kg3 Kh6 45. Rd7 Rxb2 46. Rxd3 a5 47. Ra3 Rb5 48. Kh3 Kh5 49. Kg3 g5 50. hxg5 Kxg5 51. Kf3 Kf5 52. Ke3 Ke5 53. Kd3 Kd5 54. Kc3 Kc5 55. Ra4 Kb6 56. Rc4 Rh5 57. Kb3 Kb5 58. Rc3 Rh4 59. Rc8 a4+ 60. Ka2 Kb4 61. Rb8+ Kc3 62. Rc8+ Rc4 63. Rxc4+ Kxc4 64. Kb2 Kb4 65. Ka2 a3 66. Ka1 Kb3 67. Kb1 a2+ 68. Ka1 1/2-1/2

[Event "Montigny le Bretonneux-B 2nd"]
[Site "Montigny le Bretonneux"]
[Date "2003.??.??"]
[Round "7"]
[White "Delpech, Olivier"]
[Black "Richet, Clement"]
[Result "0-1"]
[WhiteElo "1680"]
[BlackElo "1510"]
[PlyCount "68"]
[EventDate "2003.10.??"]
[EventType "swiss"]
[EventRounds "9"]
[EventCountry "FRA"]
[SourceTitle "EXT 2005"]
[Source "ChessBase"]
[SourceDate "2004.11.15"]
[SourceVersion "1"]
[SourceVersionDate "2004.11.15"]
[SourceQuality "1"]

1. c4 e6 2. Nc3 d5 3. cxd5 exd5 4. d4 Nf6 5. Nf3 c6 6. Qc2 Bd6 7. e4 dxe4 8. Nxe4 Qe7 9. Bd3 Nxe4 10. Bxe4 f5 11. Bg5 Qxe4+ 12. Qxe4+ fxe4 13. Nd2 0-0 14. 0-0 Bf5 15. Nc4 Bc7 16. Be7 Rf7 17. Bd6 b5 18. Bxc7 Rxc7 19. Ne5 Nd7 20. Rac1 Nxe5 21. dxe5 Rd8 22. f4 Rd2 23. Rf2 Rxf2 24. Kxf2 Kf7 25. h3 h5 26. Ke3 Ke6 27. b4 c5 28. bxc5 Kd5 29. Rd1+ Kxc5 30. h4 Kb6 31. Rd2 Rc3+ 32. Ke2 Bg4+ 33. Kf1 e3 34. Rd6+ Kc7 0-1

[Event "Montigny le Bretonneux Noel op 05th"]
[Site "Montigny le Bretonneux"]
[Date "2002.12.31"]
[Round "7.5"]
[White "Richet, Clement"]
[Black "Appavou, Calixte"]
[Result "0-1"]
[WhiteElo "1400"]
[BlackElo "1930"]
[PlyCount "42"]
[EventDate "2002.12.??"]
[EventType "swiss"]
[EventRounds "7"]
[EventCountry "FRA"]
[SourceTitle "EXT 2004"]
[Source "ChessBase"]
[SourceDate "2003.11.25"]
[SourceVersion "1"]
[SourceVersionDate "2003.11.25"]
[SourceQuality "1"]

1. c4 e5 2. Nc3 Nf6 3. g3 c6 4. d3 Bb4 5. Bd2 0-0 6. Bg2 d5 7. Nf3 Bxc3 8. bxc3 e4 9. Ng5 h6 10. Nh3 exd3 11. exd3 Re8+ 12. Be3 Bg4 13. Qd2 dxc4 14. dxc4 Qxd2+ 15. Kxd2 Nbd7 16. f4 Rad8 17. Bf1 Nc5+ 18. Bd4 Nce4+ 19. Kc2 c5 20. Bxf6 gxf6 21. Kb2 Bxh3 0-1

[Event "Montigny le Bretonneux Noel op 04th"]
[Site "Montigny le Bretonneux"]
[Date "2001.12.28"]
[Round "3.21"]
[White "Dubos, Jean Luc"]
[Black "Richet, Clement"]
[Result "1-0"]
[WhiteElo "1310"]
[BlackElo "1150"]
[PlyCount "95"]
[EventDate "2001.12.26"]
[EventType "swiss"]
[EventRounds "7"]
[EventCountry "FRA"]
[SourceTitle "EXT 2003"]
[Source "ChessBase"]
[SourceDate "2002.11.25"]
[SourceVersion "1"]
[SourceVersionDate "2002.11.25"]
[SourceQuality "1"]

1. e4 e5 2. Nf3 Nc6 3. Bb5 d6 4. 0-0 Bd7 5. Qe2 Nf6 6. c3 g6 7. Rd1 Qe7 8. d4 exd4 9. cxd4 Bg7 10. Bg5 0-0 11. Nc3 a6 12. Ba4 b5 13. Bc2 Rfe8 14. Nd5 Qd8 15. a3 h6 16. Bh4 g5 17. Bg3 Bg4 18. Qd3 Rxe4 19. Nxf6+ Qxf6 20. Qxe4 Bxf3 21. gxf3 Nxd4 22. Rxd4 Qxd4 23. Qxd4 Bxd4 24. Rb1 h5 25. h4 gxh4 26. Bxh4 Re8 27. Kf1 Re5 28. b4 Kf8 29. Bf6 Rd5 30. Bxd4 Rxd4 31. Rb3 h4 32. Re3 h3 33. Bd3 h2 34. Kg2 Rh4 35. Kh1 d5 36. Bf5 Kg7 37. Bc8 Kf6 38. Bb7 Rh5 39. Bxa6 Kg5 40. Re5+ Kh4 41. Rxh5+ Kxh5 42. Bxb5 d4 43. Kxh2 Kg5 44. Kg3 f5 45. f4+ Kh5 46. f3 Kg6 47. Bd3 Kf6 48. a4 1-0

[Event "Montigny le Bretonneux Noel op 04th"]
[Site "Montigny le Bretonneux"]
[Date "2001.12.27"]
[Round "2.19"]
[White "Richet, Clement"]
[Black "Blasco, Robert"]
[Result "0-1"]
[WhiteElo "1150"]
[BlackElo "1499"]
[PlyCount "36"]
[EventDate "2001.12.26"]
[EventType "swiss"]
[EventRounds "7"]
[EventCountry "FRA"]
[SourceTitle "EXT 2003"]
[Source "ChessBase"]
[SourceDate "2002.11.25"]
[SourceVersion "1"]
[SourceVersionDate "2002.11.25"]
[SourceQuality "1"]

1. e4 e6 2. d4 Nf6 3. Nc3 Bb4 4. Bd3 d5 5. Bd2 0-0 6. Qe2 Nc6 7. Nf3 e5 8. dxe5 Bg4 9. exf6 Nd4 10. Qe3 Nxc2+ 11. Bxc2 Qxf6 12. exd5 Rae8 13. Ne4 Qxb2 14. Rc1 Qxc1+ 15. Bd1 Qb1 16. Bxb4 Rxe4 17. Qxe4 Qxe4+ 18. Be2 Re8 0-1